Practical clinical biochemistry : (Record no. 3569)

MARC details
000 -LEADER
fixed length control field 00965nac a22002411u 4500
010 ## - LIBRARY OF CONGRESS CONTROL NUMBER
LC control number 67068506
082 00 - DEWEY DECIMAL CLASSIFICATION NUMBER
Classification number 616.0756
Item number V429
090 ## - LOCALLY ASSIGNED LC-TYPE CALL NUMBER (OCLC); LOCAL CALL NUMBER (OCLC)
-- 3569
-- 3569
100 ## - MAIN ENTRY--PERSONAL NAME
Personal name Varley, Harold.
245 10 - TITLE STATEMENT
Title Practical clinical biochemistry :
Remainder of title General Topics and Common Tests /
Statement of responsibility, etc Harold Varley, Alan H. Gowenlock, Maurice Bell.
250 ## - EDITION STATEMENT
Edition statement 5th ed.
260 ## - PUBLICATION, DISTRIBUTION, ETC. (IMPRINT)
Place of publication, distribution, etc London,
Name of publisher, distributor, etc Heinemann Medical;
Place of publication, distribution, etc New York,
Name of publisher, distributor, etc Interscience Books,
Date of publication, distribution, etc C.1980..
300 ## - PHYSICAL DESCRIPTION
Extent V1.
Other physical details illus., tables, diagrs.
Dimensions 22 cm.
500 ## - GENERAL NOTE
General note Donations.
500 ## - GENERAL NOTE
General note Donations - Bibliotheca Alexandrina.
504 ## - BIBLIOGRAPHY, ETC. NOTE
Bibliography, etc Includes Bibliography and Index.
650 #0 - SUBJECT ADDED ENTRY--TOPICAL TERM
Topical term or geographic name as entry element Clinical biochemistry
General subdivision Laboratory manuals.
650 #0 - SUBJECT ADDED ENTRY--TOPICAL TERM
Topical term or geographic name as entry element Clinical chemistry
General subdivision Laboratory manuals.
700 ## - ADDED ENTRY--PERSONAL NAME
Personal name Gowenlock, Alan H.
700 ## - ADDED ENTRY--PERSONAL NAME
Personal name Bell, Maurice.
942 ## - ADDED ENTRY ELEMENTS (KOHA)
Item type Book - Borrowing
Call number prefix 616.0756V429
Holdings
Withdrawn status Item status Source of classification or shelving scheme Damaged status Not for loan Home library Current library Shelving location Date acquired Source of acquisition Total Checkouts Full call number Barcode Date last seen Koha item type
    Dewey Decimal Classification     Central Library Central Library First floor 30/04/2007 Purchase   616.0756 VAR 000030303 15/07/2025 Book - Borrowing